Computación nutrición - tambo /
Guardado en:
| Autor Principal: | |
|---|---|
| Otros Autores: | , |
| Formato: | Libro |
| Publicado: |
Buenos Aires :
Hemisferio Sur,
1988
|
| Materias: | |
| Etiquetas: |
Agregar Etiqueta
Sin Etiquetas, Sea el primero en etiquetar este registro!
|
| LEADER | 00890nam a22002295a 4500 | ||
|---|---|---|---|
| 001 | CEM.cems016817 | ||
| 005 | 20020925170618.0 | ||
| 008 | 130507s1988##################000#0#####d | ||
| 003 | CEMS | ||
| 020 | |a 950504412/ | ||
| 082 | 0 | 4 | |a 636.085 |
| 100 | 1 | |a Jensen, Alicia Dora | |
| 245 | 1 | 0 | |a Computación nutrición - tambo / |c Alicia Dora Jensen, Laura Rodriguez y Estela Bonzo |
| 260 | |a Buenos Aires : |b Hemisferio Sur, |c 1988 | ||
| 300 | |a 115 p. | ||
| 505 | 0 | |a Generalidades sobre nutrición -- Principios nutritivos o nutrientes -- Requerimientos o necesidades nutritivas en la vaca lechera -- Generalidades sobre formulación de raciones -- Estrategia de la alimentación | |
| 653 | |a Nutrición animal | ||
| 653 | |a Vacunos-alimentación | ||
| 653 | |a Computación | ||
| 700 | 1 | |a Rodríguez, Laura | |
| 700 | 1 | |a Bonzo, Estela | |
| 859 | |a CEMS |b BIB. CEMS - Agricultura |h 636.085 |i J453 |p A17199.93 |t Ej.1 | ||
